000 00288nam a2200133Ia 4500
001 713
008 241024s9999 xx 000 0 und d
082 _a[*SIN CLASIFICACION*]
100 _a[*SIN AUTOR*]
245 0 _aEduFĂ­sica
260 _bISFODOSU
901 _a3/6/12
999 _c11804
_d11804